[Event "QA-ANNIV-03"]
[Site "http://www.queenalice.com/game.php?id=446367"]
[Date "2008.8.9"]
[Round "8"]
[White "TopMind"]
[Black "gp_baker"]
[Result "0-1"]
[WhiteElo "2222"]
[BlackElo "2352"]

1. c4 e5 2. e3 Nf6 3. d4 exd4 4. exd4 Bb4+ 5. Bd2 Bxd2+ 6. Nxd2 O-O 7. Bd3 d5 8.
c5 b6 9. b4 Nc6 10. Ne2 Nxb4 11. Nb3 Nxd3+ 12. Qxd3 Re8 13. O-O a5 14. Rae1 Ba6
15. Qc2 Qe7 16. cxb6 cxb6 17. Nbc1 Rac8 18. Qd1 Qa3 19. h4 Ne4 20. f3 Qe3+ 21.
Kh2 Nd2 22. Rg1 Re6 23. Kh3 Rh6 24. Ng3 Qg5 25. h5 f5 26. Re5 Rxh5+ 27. Nxh5
Qxh5+ 28. Kg3 f4+ 29. Kxf4 Qh4+ 30. g4 Rf8+ 31. Ke3 Nc4+ 32. Kd3 Nxe5+ 33. Kc3
Rxf3+ 34. Kb2 Qf2+ 35. Ka1 Nc4 36. Ne2 Ne3 37. Qa4 Bxe2 38. Qe8+ Rf8 39. Qe6+
Kh8 40. Rh1 Bc4 0-1

[Event "V2.A-RoundR6-J3"]
[Site "http://www.queenalice.com/game.php?id=458990"]
[Date "2008.9.6"]
[Round "-"]
[White "TopMind"]
[Black "ebelote"]
[Result "1-0"]
[WhiteElo "2218"]
[BlackElo "1580"]

1. d4 d5 2. Bf4 e6 3. e3 Nf6 4. Be2 Nc6 5. h3 Bd6 6. Nf3 Bxf4 7. exf4 b6 8. O-O
h6 9. Nbd2 a5 10. Bb5 Bd7 11. c3 Na7 12. Bxd7+ Nxd7 13. Ne5 Nxe5 14. fxe5 O-O
15. Qc2 f6 16. f4 c5 17. b3 cxd4 18. cxd4 Rc8 19. Qg6 Nb5 20. Qd3 Nc3 21. Rfc1
Qc7 22. Kh2 fxe5 23. fxe5 b5 24. a3 b4 25. Nb1 Rf2 26. axb4 axb4 27. Qg3 Rb2 28.
Qg4 Rxb3 29. Qxe6+ Kh8 30. Nxc3 Rxc3 31. Rxc3 bxc3 32. Qxd5 c2 33. Rc1 Qb8 34.
Qe6 Rc3 35. Qf5 Qb2 36. Qf8+ Kh7 37. Qf4 Rc7 38. e6 Qb6 39. d5 g5 40. Qf5+ Kg7
41. Qe5+ Kf8 42. Rf1+ Ke8 43. Qh8+ Ke7 44. Qf8# 1-0

[Event "V2.A-RoundR8-J2"]
[Site "http://www.queenalice.com/game.php?id=467682"]
[Date "2008.9.24"]
[Round "-"]
[White "kalabric"]
[Black "TopMind"]
[Result "0-1"]
[WhiteElo "1692"]
[BlackElo "2224"]

1. d4 Nf6 2. Nf3 e6 3. a3 d5 4. Bg5 Nbd7 5. e3 c5 6. Bb5 Be7 7. Ne5 O-O 8. Nc3
h6 9. Bxf6 Nxf6 10. Qf3 c4 11. O-O a6 12. Bxc4 dxc4 13. Nxc4 Qc7 14. Ne5 Bd6 15.
Qg3 Nd7 16. f4 b5 17. Ne4 Bxe5 18. fxe5 Qxc2 19. Nf6+ Nxf6 20. exf6 g6 21. Qf3
Bd7 22. Rf2 Qc6 23. Qh3 Kh7 24. Qh4 Rac8 25. g4 Qe4 26. Qg3 Bc6 27. Kf1 Qh1+ 28.
Qg1 Qxg1+ 29. Kxg1 Bd5 30. h4 Rc4 31. g5 Rfc8 32. Re1 Rc2 33. Ree2 Rxe2 34. Rxe2
Be4 35. Kf2 Rc1 36. Re1 Rc2+ 37. Re2 Rc6 38. Kg3 Rd6 39. Kf4 Bd3 40. Rd2 Bc4 41.
e4 Rd8 42. e5 a5 43. Ke3 Rh8 44. Rh2 Kg8 45. Kf4 hxg5+ 46. Kxg5 Rh5+ 47. Kg4 Kf8
48. Rg2 Rf5 49. Kg3 a4 50. Rf2 Rxf2 51. Kxf2 Kg8 52. Kg3 Kh7 53. Kf4 Kh6 54. Kg3
Kh5 55. Kh3 Bb3 56. Kg3 Bd5 57. Kh3 g5 58. hxg5 Kxg5 59. Kg3 Kf5 0-1

[Event "QA-ANNIV-03"]
[Site "http://www.queenalice.com/game.php?id=469843"]
[Date "2008.9.28"]
[Round "9"]
[White "Orso"]
[Black "TopMind"]
[Result "1-0"]
[WhiteElo "2365"]
[BlackElo "2221"]

1. d4 Nf6 2. Nf3 g6 3. Bf4 Bg7 4. e3 d6 5. Be2 O-O 6. O-O Bf5 7. c4 Nbd7 8. Nc3
Re8 9. Nh4 c5 10. Nxf5 gxf5 11. Qc2 cxd4 12. exd4 e5 13. dxe5 dxe5 14. Bg5 f4
15. Rad1 Qc7 16. Nb5 Qc5 17. b4 Qc6 18. Rd6 Qc8 19. Qf5 a6 20. Nc3 a5 21. b5 Re6
22. Rxe6 fxe6 23. Qxe6+ Kh8 24. Bf3 Nc5 25. Qxc8+ Rxc8 26. Re1 h6 27. Bh4 Ncd7
28. Bxb7 Rxc4 29. Nd5 Ra4 30. Nxf6 Nxf6 31. Bc6 Rxa2 32. b6 Rb2 33. b7 e4 34. h3
a4 35. Ra1 Nd7 36. Rxa4 Rb1+ 37. Kh2 Be5 38. Rxe4 Kg7 39. Bxd7 Rxb7 40. Rxe5
Rxd7 41. Re7+ Rxe7 42. Bxe7 Kg6 43. f3 Kf5 44. Bd6 Kg5 45. Kg1 h5 46. Kf2 Kf5
47. h4 Ke6 48. Bxf4 Kf5 49. Ke3 Kg6 50. Ke4 Kf6 51. g4 hxg4 52. fxg4 Kg6 53. Ke5
Kh7 54. Kf6 Kg8 55. Bd6 Kh7 56. Kf7 Kh8 57. g5 Kh7 58. Bf4 Kh8 59. h5 Kh7 60.
g6+ 1-0

[Event "V2.A-RoundR4-J4"]
[Site "http://www.queenalice.com/game.php?id=470258"]
[Date "2008.9.29"]
[Round "-"]
[White "TopMind"]
[Black "Newcobos"]
[Result "1-0"]
[WhiteElo "2232"]
[BlackElo "2166"]

1. c4 Nf6 2. e3 g6 3. d4 Bg7 4. Nc3 d6 5. Nf3 O-O 6. Be2 c5 7. O-O cxd4 8. exd4
d5 9. c5 Nc6 10. Be3 a6 11. a3 Bg4 12. h3 Bxf3 13. Bxf3 e6 14. Qc2 Rc8 15. b4
Nd7 16. Qd2 f5 17. Ne2 Nf6 18. Bg5 Qd7 19. Bxf6 Bxf6 20. Rfd1 Qg7 21. Qe3 Rfe8
22. Ra2 Rcd8 23. Rad2 Rd7 24. g3 Rde7 25. Rd3 Kh8 26. Kf1 Kg8 27. Qd2 Ra8 28. a4
Ree8 29. b5 axb5 30. axb5 Na5 31. Qb4 Nc4 32. Nf4 Qd7 33. Re1 g5 34. Rxe6 gxf4
35. Rxf6 Ra1+ 36. Kg2 fxg3 37. Qc3 Ree1 38. Bd1 Raxd1 39. Rxg3+ Qg7 40. Rxg7+
Kxg7 41. Rxf5 Rg1+ 42. Kh2 Nd2 43. Qa5 Rg6 44. Qc7+ Kh6 45. Qf4+ Kg7 46. Qe5+
Kg8 47. Qe8+ 1-0

[Event "V2.A-RoundR9-J4"]
[Site "http://www.queenalice.com/game.php?id=470259"]
[Date "2008.9.29"]
[Round "-"]
[White "TopMind"]
[Black "black13"]
[Result "1-0"]
[WhiteElo "2220"]
[BlackElo "1819"]

1. e4 c5 2. Nf3 d6 3. d4 cxd4 4. Nxd4 Nf6 5. Nc3 e5 6. Nf3 Nc6 7. Bb5 Bd7 8. O-O
a6 9. Ba4 b5 10. Bb3 h6 11. Be3 Bg4 12. h3 Bh5 13. Nd5 Nxd5 14. Bxd5 Rc8 15. c4
Be7 16. Rc1 Nb4 17. Qb3 Nxd5 18. cxd5 Bxf3 19. gxf3 O-O 20. f4 exf4 21. Bxf4
Rxc1 22. Rxc1 Bg5 23. Qg3 Bxf4 24. Qxf4 Qe7 25. Rc6 g5 26. Qf5 a5 27. Ra6 Qd8
28. Qf3 Re8 29. Ra7 Re7 30. Qf6 Rd7 31. Qxd8+ Rxd8 32. Rxa5 Re8 33. f3 b4 34.
Ra6 1-0

[Event "V2.A - Round R10 - J1"]
[Site "http://www.queenalice.com/game.php?id=485535"]
[Date "2008.10.30"]
[Round "-"]
[White "Gil"]
[Black "TopMind"]
[Result "1-0"]
[WhiteElo "2288"]
[BlackElo "2235"]

1. d4 Nf6 2. Nf3 g6 3. e3 Bg7 4. Be2 d6 5. O-O O-O 6. c4 Bf5 7. Nc3 Nbd7 8. Nh4
e6 9. Nxf5 exf5 10. Qb3 b6 11. Bf3 Rb8 12. Bd2 Re8 13. Nb5 a6 14. Na7 Ra8 15.
Nc6 Qc8 16. a4 Ne4 17. Bxe4 fxe4 18. a5 Qb7 19. Qa4 Nc5 20. dxc5 dxc5 21. axb6
cxb6 22. Bc3 b5 23. Na5 Qb6 24. Qc2 Bf8 25. b3 b4 26. Bb2 Rad8 27. h4 Rd6 28. h5
f5 29. hxg6 hxg6 30. Rfd1 Rxd1+ 31. Qxd1 Rd8 32. Qe2 Rd3 33. Be5 Bg7 34. Bxg7
Kxg7 35. Qb2+ Rc3 36. Qd2 Rd3 37. Qb2+ Rc3 38. g3 g5 39. Qe2 g4 40. Kg2 Rd3 41.
Qa2 Qf6 42. Qa4 f4 43. gxf4 g3 44. Rh1 gxf2 45. Qe8 f1=Q+ 46. Rxf1 Rxe3 47. Rg1
Rf3 48. Qxe4 Rxf4 49. Kh2+ Kh6 50. Rg6+ Kh7 51. Rxf6+ Rxe4 52. Rf5 Re1 53. Rxc5
Ra1 54. Rc7+ Kg8 55. Rc5 Kf7 56. Nc6 Ra3 57. Nxb4 Rxb3 58. Nxa6 1-0

[Event "V2.A-RoundR12- J2"]
[Site "http://www.queenalice.com/game.php?id=492327"]
[Date "2008.11.12"]
[Round "-"]
[White "TopMind"]
[Black "eductx"]
[Result "0-1"]
[WhiteElo "2230"]
[BlackElo "2039"]

1. c4 c5 2. Nc3 Nf6 3. e3 d5 4. d4 e6 5. Nf3 Nc6 6. Be2 dxc4 7. Bxc4 cxd4 8.
Nxd4 Bb4 9. O-O Bd7 10. a3 Bxc3 11. bxc3 O-O 12. Qc2 Rc8 13. Bb2 Nxd4 14. cxd4
b5 15. e4 Rxc4 16. Qd3 Bc6 17. f3 Qb6 18. Rfc1 Rc8 19. Qd2 Bb7 20. Rxc4 Rxc4 21.
Rd1 Qc6 22. Qa5 Qb6 23. Qxb6 axb6 24. d5 exd5 25. Bxf6 gxf6 26. exd5 Kf8 27. d6
Ke8 28. d7+ Kd8 29. Rd6 Rc6 30. Rd3 Re6 31. Rd4 Bc6 32. Kf2 Bxd7 33. Rh4 Rc6 34.
Rxh7 Ke7 35. Rh8 Rc8 36. Rxc8 Bxc8 37. Ke3 f5 38. Kf4 Kf6 39. h3 Be6 40. g3 Bd7
41. h4 Be6 42. Ke3 Ke5 43. Ke2 f4 44. g4 f5 45. g5 Bf7 46. Kd3 Kd5 47. Kc3 Kc5
48. Kd3 Bh5 49. Kc3 Bxf3 50. g6 Bh5 51. g7 Bf7 52. h5 f3 53. Kd2 Kd4 54. h6 Bg8
0-1

[Event "V2.A-RoundR5- J2"]
[Site "http://www.queenalice.com/game.php?id=500715"]
[Date "2008.11.30"]
[Round "-"]
[White "eductx"]
[Black "TopMind"]
[Result "1/2-1/2"]
[WhiteElo "2073"]
[BlackElo "2236"]

1. Nf3 d5 2. c4 Nf6 3. cxd5 Qxd5 4. Nc3 Qa5 5. e4 e6 6. e5 Nd5 7. Qb3 c6 8. d4
Bb4 9. Bd2 O-O 10. Bd3 h6 11. O-O Be7 12. Be4 Qb6 13. Bc2 Qxb3 14. Bxb3 Na6 15.
a3 Bd7 16. Bc4 Nac7 17. Rac1 a6 18. Ne4 b6 19. Bd3 Rfd8 20. Rfd1 a5 21. Bc3 Nxc3
22. Rxc3 Nd5 23. Rc2 c5 24. Bc4 Ba4 25. b3 Bc6 26. dxc5 bxc5 27. Nxc5 Nf4 28.
Nd3 Nxd3 29. Rxd3 Rxd3 30. Bxd3 Bxf3 31. gxf3 Bxa3 32. f4 Rd8 33. Be4 Rb8 34.
Rc3 f5 35. Bc6 Bb4 36. Rc4 Kf7 37. Kg2 Rc8 38. h4 Be7 39. Kg3 Rd8 40. Ba4 Rd1
41. h5 Rd5 42. Rc7 Rd1 43. Ra7 Rg1+ 44. Kf3 Rh1 45. Rxa5 Rxh5 46. Ra8 Rh3+ 47.
Kg2 Rd3 48. Be8+ Kf8 49. Bd7+ 1/2-1/2

[Event "IF-RoundR7-J1"]
[Site "http://www.queenalice.com/game.php?id=502231"]
[Date "2008.12.3"]
[Round "-"]
[White "TopMind"]
[Black "eductx"]
[Result "1-0"]
[WhiteElo "2213"]
[BlackElo "2072"]

1. c4 c5 2. g3 Nc6 3. Bg2 g6 4. e3 Bg7 5. Nf3 d6 6. d4 Bg4 7. O-O cxd4 8. h3
Bxf3 9. Qxf3 dxe3 10. Qxe3 Nf6 11. Nc3 O-O 12. Bd2 a6 13. Rfe1 e6 14. a3 Qc7 15.
b3 Rfe8 16. Rad1 Na5 17. Na4 Nc6 18. Qb6 Qxb6 19. Nxb6 Rad8 20. Bf4 Bf8 21. b4
Nh5 22. Be3 Re7 23. Bg5 f6 24. Be3 Rc7 25. g4 Ng7 26. f4 e5 27. Nd5 Rf7 28. b5
Nb8 29. fxe5 fxe5 30. Nc3 Kh8 31. Bd5 Rfd7 32. Bg5 Be7 33. Bxe7 Rxe7 34. Ne4 h6
35. Rf1 axb5 36. cxb5 Kh7 37. Bf7 Ne6 38. Bxe6 Rxe6 39. Rf7+ Kg8 40. Rxb7 Kf8
41. Rf1+ Ke8 42. Nf6+ Kf8 43. Nd7+ 1-0

[Event "IF - Round R8 - J4"]
[Site "http://www.queenalice.com/game.php?id=502260"]
[Date "2008.12.3"]
[Round "-"]
[White "Gil"]
[Black "TopMind"]
[Result "0-1"]
[WhiteElo "2288"]
[BlackElo "2221"]

1. d4 Nf6 2. Nf3 e6 3. e3 d5 4. Nc3 Bd6 5. g3 O-O 6. Bg2 Nc6 7. O-O a6 8. Re1
Bd7 9. e4 Bb4 10. e5 Bxc3 11. bxc3 Ne4 12. Ba3 Re8 13. Qd3 Na5 14. Nd2 Nxd2 15.
Qxd2 Nc4 16. Qc1 Bb5 17. Bf1 b6 18. Bd3 c5 19. Bxc4 Bxc4 20. dxc5 bxc5 21. Bxc5
Qa5 22. Bd4 Rab8 23. f4 Bxa2 24. Rf1 Rb7 25. f5 exf5 26. Rxf5 Re6 27. Qf1 h6 28.
Rf2 Qa4 29. Qd3 Rb1+ 30. Rxb1 Bxb1 31. Kg2 Ba2 32. Qf3 Qe8 33. Rf1 Bc4 34. Ra1
Qb5 35. Qd1 a5 36. Qb1 Qxb1 37. Rxb1 a4 38. Ra1 Ra6 39. Bc5 Bb5 40. Kf3 Rc6 41.
Bd4 Rc4 42. Ke3 Rc8 43. Rb1 Bc4 44. Ra1 Ra8 45. Bc5 Kh7 46. h3 Kg6 47. Ba3 Ra6
48. Kd4 f6 49. exf6 Rxf6 50. Bb4 Re6 51. Rxa4 Re4+ 52. Kc5 Re3 53. Ra7 Rxg3 54.
Ba5 Rxh3 0-1

[Event "IF-RoundR6-J3"]
[Site "http://www.queenalice.com/game.php?id=502272"]
[Date "2008.12.3"]
[Round "-"]
[White "rxk"]
[Black "TopMind"]
[Result "0-1"]
[WhiteElo "1826"]
[BlackElo "2225"]

1. d4 Nf6 2. c4 g6 3. Nf3 Bg7 4. Nc3 d6 5. e3 Bg4 6. g3 O-O 7. Bg2 Nbd7 8. O-O
e5 9. Qe1 c6 10. h3 Be6 11. b3 Re8 12. Qd2 e4 13. Nh2 d5 14. Bb2 dxc4 15. Nxe4
Nxe4 16. Bxe4 cxb3 17. axb3 Bxb3 18. Bg2 Nf6 19. Nf3 Bd5 20. Qb4 Qc7 21. Rab1
Be4 22. Ne5 Nd5 23. Qb3 Bxb1 24. Bxd5 cxd5 25. Rxb1 Bxe5 26. dxe5 Qd7 27. Qc3
Rac8 28. Qd4 Qf5 29. e6 f6 30. Rd1 Rc2 31. e4 dxe4 32. g4 Qxe6 33. g5 e3 34.
gxf6 exf2+ 0-1

[Event "IF-RoundR1-J4"]
[Site "http://www.queenalice.com/game.php?id=502361"]
[Date "2008.12.3"]
[Round "-"]
[White "TopMind"]
[Black "Shydo"]
[Result "1-0"]
[WhiteElo "2212"]
[BlackElo "1717"]

1. c4 e5 2. e3 Nf6 3. Nc3 Bb4 4. a3 Bxc3 5. bxc3 O-O 6. d4 e4 7. Ne2 c6 8. Ng3
d5 9. cxd5 cxd5 10. Be2 Nc6 11. O-O a6 12. Bb2 b5 13. Qc2 Bg4 14. a4 Rc8 15.
axb5 Nb4 16. Qb3 Bxe2 17. Nxe2 Nd3 18. Ba3 Re8 19. bxa6 Rb8 20. Bb4 Nxb4 21.
cxb4 1-0

[Event "TORNEIO=IF-RoundR3-J3"]
[Site "http://www.queenalice.com/game.php?id=502544"]
[Date "2008.12.4"]
[Round "-"]
[White "TopMind"]
[Black "black13"]
[Result "1-0"]
[WhiteElo "2226"]
[BlackElo "1781"]

1. c4 e5 2. e3 Nc6 3. Nc3 Nf6 4. d4 exd4 5. exd4 d5 6. Nf3 Bg4 7. Be3 Be7 8. Be2
O-O 9. O-O Re8 10. Qb3 Na5 11. Qa4 b6 12. cxd5 Nxd5 13. Nxd5 Qxd5 14. h3 Bd7 15.
Qc2 Rac8 16. a3 c5 17. dxc5 bxc5 18. Rad1 Qb7 19. Bd3 Ba4 20. Qxa4 Nc6 21. Be4
Bf6 22. Rd6 Re6 23. Bxc6 Rxc6 24. Rxc6 Rxc6 25. Bxc5 h6 26. b4 a6 27. Rd1 Qc8
28. Rd6 Rxd6 29. Bxd6 Kh7 30. Bc5 Qe6 31. Qc2+ g6 32. Qd3 Qc8 33. Nd2 Qa8 34.
Ne4 Bg7 35. Qf3 f5 36. Nf6+ 1-0

[Event "IF-RoundR4-J2 "]
[Site "http://www.queenalice.com/game.php?id=503387"]
[Date "2008.12.5"]
[Round "-"]
[White "Wenderson"]
[Black "TopMind"]
[Result "0-1"]
[WhiteElo "1693"]
[BlackElo "2229"]

1. e4 e6 2. d4 d5 3. Nc3 Bb4 4. Ne2 dxe4 5. Bd2 Nf6 6. Ng3 Bxc3 7. Bxc3 O-O 8.
Qe2 Qd5 9. a3 Nc6 10. O-O-O Rd8 11. Qc4 Qd6 12. Be2 Qf4+ 13. Rd2 Qxf2 14. Rhd1
e3 15. Rd3 Qxg2 16. Rxe3 Qxh2 17. Bd3 h6 18. d5 Nxd5 19. Qg4 e5 20. Nf5 Bxf5 21.
Re2 Bxg4 22. Rxh2 Bxd1 23. Kxd1 Nf4 0-1

[Event "IF-RoundR2-J1 "]
[Site "http://www.queenalice.com/game.php?id=504133"]
[Date "2008.12.6"]
[Round "-"]
[White "oentusiasta"]
[Black "TopMind"]
[Result "0-1"]
[WhiteElo "1688"]
[BlackElo "2228"]

1. e4 e6 2. d4 d5 3. e5 c5 4. c3 Qb6 5. b3 cxd4 6. cxd4 Bb4+ 7. Bd2 Qxd4 8. Ne2
Qxa1 9. Nec3 a6 10. Bd3 Bxc3 11. Bxc3 Qxa2 12. O-O Nd7 13. Bb4 b6 14. Nc3 Qb2
15. Na4 Qxe5 16. Qc2 Ngf6 17. Qc6 Qb8 18. Bc3 Bb7 19. Be5 Bxc6 0-1

[Event "IF-RoundR5-J2"]
[Site "http://www.queenalice.com/game.php?id=505970"]
[Date "2008.12.11"]
[Round "-"]
[White "TopMind"]
[Black "erdnaxela"]
[Result "1-0"]
[WhiteElo "2227"]
[BlackElo "1604"]

1. d4 d5 2. Bf4 Nc6 3. e3 a6 4. c4 e6 5. Nc3 f5 6. Nf3 h6 7. Be2 Bb4 8. a3 Bxc3+
9. bxc3 Nf6 10. cxd5 exd5 11. O-O O-O 12. Qc2 Nh5 13. Be5 Nxe5 14. Nxe5 Nf6 15.
c4 Be6 16. Rac1 dxc4 17. Bxc4 Bxc4 18. Qxc4+ Nd5 19. Qb3 b5 20. Rc5 c6 21. Nxc6
Qd7 22. Qxd5+ Qxd5 23. Rxd5 Rf6 24. Ne7+ Kf7 25. Nxf5 Kg6 26. e4 Rb8 27. Rc1 b4
28. Rc7 bxa3 29. Rxg7+ Kh5 30. Ne3+ Kh4 31. g3+ Kh3 32. Rh5# 1-0

[Event "QA-ANNIV-03"]
[Site "http://www.queenalice.com/game.php?id=525034"]
[Date "2009.1.18"]
[Round "10"]
[White "TopMind"]
[Black "Francisco"]
[Result "1-0"]
[WhiteElo "2225"]
[BlackElo "2205"]

1. c4 c6 2. e3 d5 3. d4 e6 4. Nf3 Nf6 5. Be2 Nbd7 6. O-O Bd6 7. Qc2 O-O 8. Nc3
Re8 9. Bd2 b6 10. e4 dxe4 11. Nxe4 Nxe4 12. Qxe4 Qc7 13. Bd3 Nf8 14. b4 Ba6 15.
Qg4 c5 16. dxc5 bxc5 17. bxc5 Bxc5 18. Bc3 e5 19. Rfd1 f6 20. Nd2 Ng6 21. Bxg6
hxg6 22. Qxg6 Rad8 23. Ne4 Qc6 24. Rd5 Bd4 25. Bxd4 exd4 26. Rxd8 Rxd8 27. Ng5
Bxc4 28. Re1 Be2 29. Qh7+ Kf8 30. Qh8+ Ke7 31. Rxe2+ Kd7 32. Qh3+ 1-0

[Event "V2.A-RoundR11-J4"]
[Site "http://www.queenalice.com/game.php?id=538981"]
[Date "2009.2.12"]
[Round "-"]
[White "Newcobos"]
[Black "TopMind"]
[Result "0-1"]
[WhiteElo "2143"]
[BlackElo "2261"]

1. e4 e6 2. d4 d5 3. Nd2 c5 4. exd5 Qxd5 5. Ngf3 cxd4 6. Bc4 Qc5 7. Qe2 Nc6 8.
Nb3 Qb4+ 9. Bd2 Qb6 10. O-O-O Bd7 11. Bb5 Nf6 12. Bxc6 Bxc6 13. Nbxd4 Bxf3 14.
Nxf3 Rc8 15. Be3 Qa5 16. Kb1 Be7 17. Qd2 Qxd2 18. Rxd2 b6 19. Rhd1 O-O 20. Bg5
h6 21. Bxf6 Bxf6 22. Rd7 Rcd8 23. c3 Rxd7 24. Rxd7 Rd8 25. Rxd8+ Bxd8 26. Nd4
Bc7 27. g3 a6 28. Kc2 e5 29. Nc6 f6 30. Nb4 a5 31. Nd5 Bd8 32. a4 Kf7 33. Kd3 f5
34. Kc4 Ke6 35. Ne3 g5 36. b4 f4 37. Ng2 Bc7 38. bxa5 bxa5 39. gxf4 exf4 40. h3
Kf5 41. f3 Be5 42. Kd3 h5 43. c4 Bc7 44. Kd4 g4 45. hxg4+ hxg4 46. fxg4+ Kxg4
47. Ne1 f3 48. Ke3 Bb6+ 49. Ke4 f2 50. Nf3 Kg3 51. Nd2 Kg2 52. Kd5 Be3 0-1

[Event "Gil"]
[Site "http://www.queenalice.com/game.php?id=553855"]
[Date "2009.3.10"]
[Round "1"]
[White "bohinky"]
[Black "TopMind"]
[Result "0-1"]
[WhiteElo "2099"]
[BlackElo "2242"]

1. d4 Nf6 2. c4 g6 3. Nc3 Bg7 4. e4 d6 5. Nf3 O-O 6. Be2 c5 7. d5 a6 8. O-O Nbd7
9. a4 b6 10. Bg5 h6 11. Be3 Bb7 12. h3 Re8 13. Qc2 e6 14. Qd2 Kh7 15. Bd3 Qc7
16. b3 exd5 17. exd5 Re7 18. Rae1 Rae8 19. Re2 Ne5 20. Nxe5 Rxe5 21. Rfe1 Nd7
22. f4 R5e7 23. f5 Qd8 24. fxg6+ fxg6 25. Qc2 Ne5 26. h4 Nxd3 27. Qxd3 Bc8 28.
h5 Bf5 29. hxg6+ Bxg6 30. Qd2 Rxe3 31. Rxe3 Bd4 32. Nd1 Qh4 33. Nf2 Qg5 0-1

[Event "V2.A-RoundR13-J3"]
[Site "http://www.queenalice.com/game.php?id=560453"]
[Date "2009.3.23"]
[Round "-"]
[White "TopMind"]
[Black "ebelote"]
[Result "1-0"]
[WhiteElo "2231"]
[BlackElo "1552"]

1. c4 e5 2. e3 Nf6 3. d4 d6 4. dxe5 Ne4 5. Qc2 Bf5 6. Bd3 d5 7. Nc3 Bb4 8. Ne2
Nc6 9. a3 Bxc3+ 10. Nxc3 Nxe5 11. Nxe4 Nxd3+ 12. Qxd3 Bxe4 13. Qd4 Bxg2 14. Qxg7
Bxh1 15. Qxh8+ Ke7 16. Qe5+ Kf8 17. e4 Bxe4 18. Bh6+ Kg8 19. Qg7# 1-0

[Event "Supercampeão2008"]
[Site "http://www.queenalice.com/game.php?id=568312"]
[Date "2009.4.7"]
[Round "-"]
[White "Gil"]
[Black "TopMind"]
[Result "0-1"]
[WhiteElo "2281"]
[BlackElo "2250"]

1. d4 Nf6 2. Nf3 g6 3. e3 Bg7 4. Bd3 O-O 5. O-O d6 6. c4 Nbd7 7. Nc3 b6 8. Bd2
Bb7 9. d5 c6 10. dxc6 Bxc6 11. Qe2 Nc5 12. Bc2 Nce4 13. Nd4 Bb7 14. Nxe4 Nxe4
15. Bxe4 Bxe4 16. Rad1 Bb7 17. Nb5 Bxb2 18. e4 Bg7 19. Bc3 Bxc3 0-1

[Event "Gil"]
[Site "http://www.queenalice.com/game.php?id=592478"]
[Date "2009.5.23"]
[Round "2"]
[White "danthebugman"]
[Black "TopMind"]
[Result "1/2-1/2"]
[WhiteElo "2205"]
[BlackElo "2263"]

1. e4 e6 2. Nf3 d5 3. Nc3 Bb4 4. a3 Bxc3 5. dxc3 Ne7 6. exd5 Qxd5 7. Qxd5 Nxd5
8. c4 Nf6 9. Bf4 c5 10. Be2 Bd7 11. O-O-O Nc6 12. Rhe1 b6 13. c3 O-O 14. Rd3 Bc8
15. Ne5 Bb7 16. Nd7 Nxd7 17. Rxd7 Nd8 18. g4 f5 19. gxf5 Rxf5 20. Bc7 Nf7 21.
Bg4 Bc6 22. Rd2 Rf6 23. Bxe6 Re8 24. Rde2 Kf8 25. Bd5 Rxe2 26. Rxe2 Bd7 27. Bb8
a6 28. Bc7 Bc8 29. Re3 Bf5 30. Kd2 Bg4 31. Rg3 Bh5 32. Ke1 b5 33. Re3 Bg4 34.
cxb5 axb5 35. c4 bxc4 36. Bxc4 Bd7 37. Bb8 Nd6 38. Bd5 Nf5 39. Rc3 Rb6 40. Ba7
Rxb2 41. Bxc5+ Ke8 42. Rb3 Rxb3 43. Bxb3 Bc6 44. a4 Nh4 45. a5 Nf3+ 46. Ke2 Nxh2
47. Bc2 g6 48. a6 Kd7 49. a7 Kc7 50. f4 Ng4 51. Ba4 Ba8 52. Bd4 Nh6 53. Bc5 Nf5
54. Bb5 1/2-1/2

[Event "Gil"]
[Site "http://www.queenalice.com/game.php?id=677221"]
[Date "2009.11.3"]
[Round "3"]
[White "TopMind"]
[Black "kasker"]
[Result "1/2-1/2"]
[WhiteElo "2269"]
[BlackElo "2415"]

1. d4 Nf6 2. Bf4 e6 3. e3 b6 4. Nf3 Bb7 5. Be2 Be7 6. O-O c5 7. c3 Nh5 8. dxc5
Nxf4 9. exf4 bxc5 10. Qb3 Qc7 11. Na3 O-O 12. Rad1 d5 13. Nb5 Qb6 14. Qc2 Nd7
15. Rfe1 a6 16. Na3 Bd6 17. Qd2 Qc7 18. g3 Nf6 19. Bf1 Rab8 20. Ne5 Rfd8 21. Bg2
Ba8 22. c4 Bb7 23. Qe2 d4 24. Bxb7 Qxb7 25. b3 Bc7 26. Qf3 Qxf3 27. Nxf3 Ba5 28.
Re2 g6 29. Ne5 Rbc8 30. Nb1 Kg7 31. a3 Rd6 32. Nd3 Bd8 33. Nd2 a5 34. Rde1 Be7
35. Kg2 a4 36. b4 cxb4 37. c5 Ra6 38. axb4 Nd5 39. Nf3 a3 40. Re4 a2 41. Ra1 Ra3
42. Rxd4 Rca8 43. c6 R8a4 44. Nc5 Ra7 45. Rc4 Bxc5 46. Rxc5 Rb3 47. Ra5 Rxa5 48.
bxa5 Ra3 49. Nd4 Rxa5 50. Ne2 h6 51. c7 Nxc7 52. Nc1 Nd5 53. Rxa2 Rc5 54. Nd3
Rc7 55. Ne5 g5 56. fxg5 hxg5 57. Nf3 g4 58. Ne5 f5 59. h4 gxh3+ 60. Kxh3 Kf6 61.
f4 Ne3 62. Kh2 Rc1 63. Ra7 1/2-1/2

[Event "Gil"]
[Site "http://www.queenalice.com/game.php?id=706191"]
[Date "2009.12.31"]
[Round "4"]
[White "TopMind"]
[Black "phystutordotcom"]
[Result "1-0"]
[WhiteElo "2273"]
[BlackElo "2103"]

1. d4 d6 2. Bf4 g6 3. e3 Bg7 4. Nf3 Nd7 5. Be2 e5 6. Bg3 Ne7 7. O-O Nf5 8. Nc3
Nxg3 9. fxg3 f5 10. e4 O-O 11. Bc4+ Kh8 12. exf5 gxf5 13. Bb3 e4 14. Nh4 Nb6 15.
Ne2 d5 16. c3 c6 17. Nf4 Qe7 18. Nhg6+ 1-0